Những điều cần biết về thi Toefl Examinee handbook and admission form

Wedi'i Gadw mewn:
Manylion Llyfryddiaeth
Prif Awdur: Ninh Hùng (Biên dịch)
Fformat: Llyfr
Iaith:Vietnamese
Cyhoeddwyd: Cà Mau Mũi Cà Mau 1993
Pynciau:
Tagiau: Ychwanegu Tag
Dim Tagiau, Byddwch y cyntaf i dagio'r cofnod hwn!
Thư viện lưu trữ: Mạng thư viện Đại học Đà Nẵng
LEADER 01029nam a2200313 4500
001 000009588
003 5785
005 20111031091053.0
008 111031s1993 viesd
020 |c 5000đ 
041 0 |a vie 
082 |a 428.24  |b Điê 
100 0 |a Ninh Hùng  |e Biên dịch 
245 0 |a Những điều cần biết về thi Toefl  |b Examinee handbook and admission form  |c Ninh Hùng 
260 |a Cà Mau  |b Mũi Cà Mau  |c 1993 
300 |a 64tr  |c 19 cm 
653 |a Ngững điều cần biết 
653 |a Toefl 
910 |a Thương  |d 31/10/2011 
OWN |a LSP 
AVA |a UDN50  |b LSP  |d 428.24 Điê  |e available  |t Error 5001 Not defined in file expand_doc_bib_avail.  |f 3  |g 1  |h N  |i 0  |k 1 
999 |a From the UDN01 
AVA |a UDN50  |b LSP  |d 428.24 Điê  |e available  |t Error 5001 Not defined in file expand_doc_bib_avail.  |f 3  |g 1  |h N  |i 0  |k 1 
TYP |a Monograph 
TYP |a Printed language 
980 |a Mạng thư viện Đại học Đà Nẵng